Fundamental review of the criminal justice system in Nigeria

Criminal cases begin with the apprehension by the police on behalf of the state. By implication then, it is the state that initiates action on behalf of the person wronged. Since criminal cases have the possibility of penal sanctions, the rules of evidence are rather stricter and in this case the pr...

Ausführliche Beschreibung

Gespeichert in:  
Bibliographische Detailangaben
1. VerfasserIn: Wigwe, Chris (Verfasst von)
Medienart: Elektronisch Aufsatz
Sprache:Englisch
Veröffentlicht: 2016
In: African journal of law and criminology
Jahr: 2016, Band: 6, Heft: 1, Seiten: 1-11
Online-Zugang: Volltext (kostenfrei)
Verfügbarkeit prüfen: HBZ Gateway
Schlagwörter:

MARC

LEADER 00000caa a22000002c 4500
001 1910962880
003 DE-627
005 20250902133538.0
007 cr uuu---uuuuu
008 241205s2016 xx |||||o 00| ||eng c
035 |a (DE-627)1910962880 
035 |a (DE-599)KXP1910962880 
040 |a DE-627  |b ger  |c DE-627  |e rda 
041 |a eng 
084 |a 2,1  |2 ssgn 
100 1 |a Wigwe, Chris  |e VerfasserIn  |4 aut 
245 1 0 |a Fundamental review of the criminal justice system in Nigeria  |c Chris Wigwe 
264 1 |c 2016 
336 |a Text  |b txt  |2 rdacontent 
337 |a Computermedien  |b c  |2 rdamedia 
338 |a Online-Ressource  |b cr  |2 rdacarrier 
520 |a Criminal cases begin with the apprehension by the police on behalf of the state. By implication then, it is the state that initiates action on behalf of the person wronged. Since criminal cases have the possibility of penal sanctions, the rules of evidence are rather stricter and in this case the prosecution is required by law to prove “beyond reasonable doubt” before an accused can be properly convicted”. One essential feature of the Nigerian Criminal Law is that an accused is presumed innocent until his guilt is established. Therefore, with respect to this article, the criminal justice in Nigeria, shall be carefully examined and analyzed, with the aim of exposing the workings and challenges of the major components of the system in the administration of criminal justice in Nigeria. 
650 4 |a Penal Sanctions 
650 4 |a Criminal Justice 
650 4 |a Nigeria 
773 0 8 |i Enthalten in  |t African journal of law and criminology  |d London : Sacha International Academic Journals, 2011  |g 6(2016), 1, Seite 1-11  |h Online-Ressource  |w (DE-627)721995985  |w (DE-600)2676925-6  |w (DE-576)369996933  |x 2045-8525  |7 nnas 
773 1 8 |g volume:6  |g year:2016  |g number:1  |g pages:1-11 
856 4 0 |u https://drive.google.com/file/d/1_LAfsx2aBfFdITftmZLBNcWyS7dyEc8R/view  |x Verlag  |z kostenfrei  |3 Volltext  |7 0 
951 |a AR 
ELC |a 1 
LOK |0 000 xxxxxcx a22 zn 4500 
LOK |0 001 463156895X 
LOK |0 003 DE-627 
LOK |0 004 1910962880 
LOK |0 005 20250902133543 
LOK |0 008 241205||||||||||||||||ger||||||| 
LOK |0 040   |a DE-21-110  |c DE-627  |d DE-21-110 
LOK |0 092   |o n 
LOK |0 852   |a DE-21-110 
LOK |0 852 1  |9 00 
LOK |0 939   |a 05-12-24  |b l01 
OAS |a 1 
ORI |a SA-MARC-krimdoka001.raw